Statistics for Countries closest to Russia

Click here to take the quiz!

General Stats

  • This quiz has been taken 34 times
  • The average score is 20 of 23

Answer Stats

HintAnswer% Correct
0kmFinland
100%
0kmNorth Korea
100%
200kmSweden
100%
0kmBelarus
96%
0kmChina
96%
0kmKazakhstan
96%
0kmNorway
96%
0kmUkraine
96%
0kmGeorgia
93%
42kmJapan
93%
0kmLatvia
93%
0kmAzerbaijan
89%
0kmEstonia
89%
0kmLithuania
89%
0kmMongolia
89%
0kmPoland
89%
450kmSouth Korea
89%
130kmArmenia
81%
80kmUSA
81%
140kmTurkey
74%
160kmIran
70%
950kmKyrgyzstan
67%
320kmTurkmenistan
52%

Score Distribution

Percentile by Number Answered

Percent of People with Each Score

Your Score History

You have not taken this quiz